| Tag |
First Indicator |
Second Indicator |
Subfields |
| LEADER |
00000cam a22000007i 4500 |
| 001 |
in00004770121 |
| 006 |
m o d |
| 007 |
cr cnu|||||||| |
| 008 |
230624s2023 enk o 000 0 eng d |
| 005 |
20240201202401.9 |
| 035 |
|
|
|a (OCoLC)on1381713221
|
| 040 |
|
|
|a EBLCP
|b eng
|e rda
|c EBLCP
|d OH1
|d OCLCQ
|d UAB
|d GZM
|d UPM
|d OCLCO
|d OCLCF
|d OCLCO
|
| 020 |
|
|
|a 9780191968464
|q (electronic bk.)
|
| 020 |
|
|
|a 0191968463
|q (electronic bk.)
|
| 020 |
|
|
|a 9780192872449
|
| 020 |
|
|
|a 0192872443
|
| 035 |
|
|
|a (OCoLC)1381713221
|
| 050 |
|
4 |
|a HD4901
|
| 082 |
0 |
4 |
|a 331
|
| 049 |
|
|
|a TXAM
|
| 245 |
0 |
0 |
|a Tasks, skills, and institutions :
|b the changing nature of work and inequality /
|c edited by Carlos Gradín, Piotr Lewandowski, Simone Schotte and Kunal Sen.
|
| 264 |
|
1 |
|a Oxford ;
|a New York :
|b Oxford University Press,
|c 2023.
|
| 300 |
|
|
|a 1 online resource (297 pages)
|
| 336 |
|
|
|a text
|b txt
|2 rdacontent
|
| 337 |
|
|
|a computer
|b c
|2 rdamedia
|
| 338 |
|
|
|a online resource
|b cr
|2 rdacarrier
|
| 490 |
1 |
|
|a WIDER Studies in Development Economics Series
|
| 588 |
|
|
|a Description based upon print version of record.
|
| 520 |
3 |
|
|a This book provides a unique, comparative assessment on how the nature of work is changing in 11 major developing countries, and the role that these changes play in shaping earnings inequality in these societies. It provides a nuanced and context-sensitive developing-country perspective with an in-depth assessment of national trends in earnings inequality, which are assessed against changes in the supply of higher skilled workers and education premia, on the one hand, and changes in the occupational structure and the remuneration of tasks, on the other, while being mindful of broader macroeconomic trends and institutional developments. We start showing that the common assumption that occupations are identical around the world tends to lead to an overestimation of the non-routine task content of jobs in developing and emerging economies. Then, we use country-specific measures of routine-task intensity, along with the standard O*NET measures, and other innovative ways to push the boundaries of existing research and make the most of the limited information that is available in each of the countries under study. We show that the large changes in the composition of workers by education and job routine-task intensity, which developing countries exhibited in the 2000s and 2010s, generally contributed to higher inequality, ceteris paribus. We also find evidence of job polarization or widening of earnings inequality driven by the evolution of the routine intensity of jobs in several cases. However, changes in the education premium, along institutional factors, seem to explain inequality trends to a larger extent.
|
| 650 |
|
0 |
|a Labor economics.
|
| 650 |
|
0 |
|a Labor
|x Political aspects.
|
| 650 |
|
0 |
|a Equality.
|
| 650 |
|
6 |
|a Économie du travail.
|
| 650 |
|
6 |
|a Travail
|x Aspect politique.
|
| 650 |
|
7 |
|a Equality
|2 fast
|
| 650 |
|
7 |
|a Labor economics
|2 fast
|
| 650 |
|
7 |
|a Economics.
|2 thema
|
| 650 |
|
7 |
|a Industry.
|2 ukslc
|
| 655 |
|
7 |
|a Electronic books.
|2 local
|
| 700 |
1 |
|
|a Gradín, Carlos,
|e editor.
|
| 700 |
1 |
|
|a Lewandowski, Piotr,
|e editor.
|
| 700 |
1 |
|
|a Schotte, Simone,
|e editor.
|
| 700 |
1 |
|
|a Sen, Kunal,
|d 1961-
|e editor.
|
| 710 |
2 |
|
|a Oxford University Press.
|
| 776 |
0 |
8 |
|i Print version:
|a Gradín, Carlos
|t Tasks, Skills, and Institutions
|d Oxford : Oxford University Press, Incorporated,c2023
|z 9780192872241
|
| 830 |
|
0 |
|a Studies in development economics.
|
| 856 |
4 |
0 |
|u https://academic.oup.com/book/46710
|z Connect to the full text of this electronic book
|t 0
|
| 955 |
|
|
|a Oxford University Press Open Access ebooks
|
| 994 |
|
|
|a 92
|b TXA
|
| 999 |
f |
f |
|s c38ec9b6-ecd4-44e0-93a5-333380321f77
|i b6f01254-55de-469e-8e08-1b12ec86113b
|t 0
|
| 952 |
f |
f |
|a Texas A&M University
|b College Station
|c Electronic Resources
|d Available Online
|t 0
|e HD4901
|h Library of Congress classification
|
| 998 |
f |
f |
|a HD4901
|t 0
|l Available Online
|